000 01167nam a2200241 a 4500
001 21315
003 CO-ViMGA
008 141112s2004 ck r 000 u spa d
020 _a9589181953
040 _aCO-ViMGA
_bspa
_cCO-ViMGA
082 0 4 _a658.562 M151g
100 1 _aMalagón - Londoño, Gustavo; Galán Morera, Ricardo; Pontón Laverde, Gabriel
_930391
245 1 0 _aGarantía de calidad en salud
250 _a2
260 _aBogotá; PanAméricana,
_c2006
300 _a696
505 _aReseña general sobre la calidad 1 - - La epidemiología fundamento para la calidad 103 - - La prevención de la infección en la institución de salud 219 - - Sistemas de administración ambiental y su aplicación en organizaciones de prestación de servicios de salud 371 - - Administración de conflictos para el logro de la excelencia 540
590 _aForma de adquisición : Compra fact. 0860 - - Precio : 135000 - - Proveedor : Temas y libros - - Fecha de adquisición : Mayo 2007
650 1 4 _aADMINISTRACION DE SERVICIOS DE SALUD
_930392
650 1 4 _aCALIDAD DE LOS SERVICIOS DE SALUD
_930393
650 1 4 _aSERVICIOS DE SALUD
_96124
942 _2ddc
_cBK
999 _c29937
_d29937